000 00925nam a22002537a 4500
001 3029
003 FISKH
005 20240131133341.0
008 240131b cb ||||| |||| 00| 0 eng d
020 _a9780516263304
040 _aFISKH
_beng
_cFISKH
_dFISKH
100 _aSimon, Hershey
245 _aMilton Hershey :
_bChocolate King Town Builder /
_cby Simon, Charnan
260 _aNew York :
_bChildren's Press ,
_c1998
300 _a42 pages :
_bcolor illustrations ,
_c25 cm .
490 _a Community Builders
505 _aR
520 _aRelates the story of the founder of the Hershey Chocolate Company in Hershey, Pennsylvania, known for his hard work, perseverance, and charity on behalf of young people.
521 8 _a760
_bLexile
521 8 _aR
_bRaz-Plus
600 _2Hershey, Milton Snavely
_vJuvenile Literature
610 _2Businessmen
_vJuvenile Literature
942 _2ddc
_cBK
_n0
999 _c3029
_d3029